| 000 | 005210000a22001930004500 | ||
|---|---|---|---|
| 003 | LK-CoMWRAF | ||
| 005 | 20231109105925.0 | ||
| 008 | 230817t1997 ||||| |||| 00| 0 eng d | ||
| 020 | _a072253406X | ||
| 040 |
_aLK-CoMWRAF _dLK-CoMWRAF _eLK-CoMWRAF |
||
| 041 | _aeng | ||
| 082 |
_a615.8 _bBOR |
||
| 100 | _aBorang, Kajsa Krishni | ||
| 245 | _aThorsons principles of Reiki | ||
| 260 |
_aNew Delhi: _bHaperCollins Publishers, _c1997 |
||
| 300 | _ax,113 p. : ill.; 20 cm | ||
| 650 | _aREIKI(Healing system) | ||
| 942 | _cBK | ||
| 999 |
_c2432 _d2432 |
||